|
|
|
|
| LEADER |
01492nam a22002654a 4500 |
| 001 |
30109 |
| 003 |
BD-DhAAL |
| 005 |
20151031114755.0 |
| 008 |
151031s2005 nyua b 001 0 eng |
| 010 |
|
|
|a 2004003171
|
| 020 |
|
|
|a 0071433201 (alk. paper)
|
| 040 |
|
|
|a DLC
|c DLC
|d DLC
|d BD-DhAAL
|
| 050 |
0 |
0 |
|a BF431
|b .M495 2005
|
| 082 |
0 |
0 |
|a 153.9
|2 22
|
| 100 |
1 |
|
|a Miller, John Laurence.
|9 15848
|
| 245 |
1 |
0 |
|a Mind magic :
|b how to develop the 3 components of intelligence that matter most in today's world /
|c John Laurence Miller.
|
| 260 |
|
|
|a New York :
|b McGraw-Hill,
|c c2005.
|
| 300 |
|
|
|a xxi, 282 p. :
|b ill. ;
|c 24 cm.
|
| 504 |
|
|
|a Includes bibliographical references (p. 273-274) and index.
|
| 505 |
0 |
|
|a Discovering the magic of your mind -- Mind consciousness : how to extend your most valuable resource -- Adapting mind to fit the times -- Creativity : a learnable skill -- Information you can own -- How to solve problems like an expert -- Making an asset of your emotions -- The independent mind recast -- Are there limits to what your mind can achieve? -- Becoming a mind magician -- Growing minds : putting mind magic to work for the future -- Teaching mind magic in school.
|
| 541 |
|
|
|e 30109
|
| 650 |
|
0 |
|a Intellect.
|9 15849
|
| 942 |
|
|
|2 ddc
|c BK
|
| 999 |
|
|
|c 35969
|d 35969
|
| 952 |
|
|
|0 0
|1 0
|2 ddc
|4 0
|6 153_900000000000000_MIL
|7 0
|9 56524
|a BRACUL
|b BRACUL
|c GEN
|d 2015-10-31
|e BIL
|l 10
|m 96
|o 153.9 MIL
|p 3010030109
|r 2026-03-03
|s 2025-10-09
|t 1
|w 2015-10-31
|y BK
|x Transferred from BIL to BRACUL on 06/06/22
|